Genetic improvement of forest trees through selection and breeding (Record no. 9809)
[ view plain ]
| 000 -LEADER | |
|---|---|
| fixed length control field | 00240nam a22001097a 4500 |
| 040 ## - CATALOGING SOURCE | |
| Transcribing agency | SK |
| 082 ## - DEWEY DECIMAL CLASSIFICATION NUMBER | |
| Classification number | 631 |
| 100 ## - MAIN ENTRY--AUTHOR NAME | |
| Personal name | NA |
| 245 ## - TITLE STATEMENT | |
| Title | Genetic improvement of forest trees through selection and breeding |
| 260 ## - PUBLICATION, DISTRIBUTION, ETC. (IMPRINT) | |
| Place of publication | NA |
| Name of publisher | NA |
| Year of publication | NA |
| 942 ## - ADDED ENTRY ELEMENTS (KOHA) | |
| Koha item type | សៀវភៅភាសាអង់គ្លេស |
| 952 ## - LOCATION AND ITEM INFORMATION (KOHA) | |
| Withdrawn status [LOCAL, KOHA] | 0 |
| Koha item type | Barcode | Lost status | Permanent Location | Current Location | Date acquired | Full call number |
|---|---|---|---|---|---|---|
| សៀវភៅភាសាអង់គ្លេស | RUA045783 | Library Block C | Library Block C | 2016-09-14 | 631 NA NA C233 |